El concepto de técnica, arte y producción en la filosofía de Aristóteles.

Guardat en:
Dades bibliogràfiques
Autor principal: Aspé Armella, Virginia (autor)
Format: Llibre
Idioma:espanyol
Publicat: México, D.F., México: Fondo de Cultura Económica, 1993.
Edició:Primera edición.
Matèries:
Etiquetes: Afegir etiqueta
Sense etiquetes, Sigues el primer a etiquetar aquest registre!

MARC

LEADER 00000nam a2200000 a 4500
001 UCY2490
003 CL-VaPUC
005 20241127085250.0
008 941028e19930000MX |||||||||||||||||spa|d
999 |c 230888  |d 230886 
020 |a 968-16-3992-8 
040 |c Pontificia Universidad Católica de Valparaíso 
082 0 4 |a 185 ASP 1993  |2 21 
100 0 |a Aspé Armella, Virginia  |e autor  |9 330535 
245 1 3 |a El concepto de técnica, arte y producción en la filosofía de Aristóteles. 
250 |a Primera edición.  
260 |a México, D.F., México:   |b Fondo de Cultura Económica,  |c 1993.  
300 |a 248 páginas.  
500 |a c.3 Donación Familia Prof. Alejandro Guzmán Brito.  
583 |a last modification  |c 19941028 00:00:00  |k Rodrigo Vera 
600 0 |a Aristóteles,  |d 384 a.C.- 322 a.C.  |9 194 
942 |c BK  |2 ddc  |n 0 
945 |d 19941028 00:00:00  |a aalvarez 
952 |0 0  |1 0  |4 0  |6 185_000000000000000_ASP_1993  |7 0  |8 A  |9 233512  |a BIBEDU  |b BIBEDU  |d 2019-11-15  |i 3030938  |l 1  |o 185 ASP 1993  |p 3030938  |r 2024-04-30  |s 2024-04-16  |w 2019-11-15  |y BK  |k FIL 
952 |0 0  |1 0  |4 0  |6 185_000000000000000_ASP_1993  |7 0  |8 A  |9 233513  |a BIBEDU  |b BIBEDU  |d 2019-11-15  |i 3164659  |o 185 ASP 1993  |p 3164659  |r 2019-11-15  |w 2019-11-15  |y BK  |k FIL 
952 |0 0  |1 0  |2 ddc  |4 0  |6 185_000000000000000_ASP_1993  |7 1  |8 C_AGB  |9 580071  |a BIBDER  |b BIBDER  |d 2022-01-04  |e Donación   |i 5634504  |o 185 ASP 1993  |p 5634504  |r 2023-01-25  |t 3  |w 2022-01-04  |y BK_US  |k AGB